| 000 | 00913nam a2200265 i 4500 | ||
|---|---|---|---|
| 001 | 104878 | ||
| 003 | ES-MaACL | ||
| 005 | 20250917063043.0 | ||
| 007 | t| | ||
| 008 | 060522s1953 fr ||||1| fre d | ||
| 080 | _a821.124'04-7"15" | ||
| 100 | 0 |
_aErasmus, Desiderius, _d1467-1536 _947350 |
|
| 245 | 1 | 0 |
_aEloge de la folie / _cErasme ; nouvellment traduit par Pierre de Nolhac ; suivi de la lettre d'Erasme a Dorpius avec des annotations de Maurice Rat. |
| 260 |
_aParis : _bGarnier, _c[1953] |
||
| 300 |
_aXII, 327 p. ; _c19 cm. |
||
| 490 | 1 | _aClassiques Garnier | |
| 500 | _aBiblioteca Jacinto Martínez Lacalle. | ||
| 500 | _aTexto en latín y francés. | ||
| 700 | 1 |
_aNolhac, Pierre de. _985911 |
|
| 700 | 1 |
_aRat, Maurice. _995518 |
|
| 740 | 0 | _aLettre d'Erasme a Dorpius. | |
| 830 | 0 |
_aClassiques Garnier _9184859 |
|
| 852 |
_aES-MaACL _jE-11235 _bR.138934 |
||
| 999 |
_c104878 _d104878 |
||